Statistics for Legendary Member Tracklist (Thaiboy Digital)

Click here to take the quiz!

General Stats

  • This quiz has been taken 2 times
  • The average score is 8 of 12

Answer Stats

HintAnswer% Correct
9Beijing
100%
5IDGAF
100%
12Legendary Member
100%
2Nervous
100%
11Baby
50%
6Bentley
50%
1Drainstar Rock
50%
4Kiss Me Through The Scope
50%
7Kit Kat
50%
8Lip Service
50%
10Spinnin
50%
3Can't Tell
0%

Score Distribution

Percentile by Number Answered

Percent of People with Each Score

Your Score History

You have not taken this quiz